Normal view
MARC view
Entry Geographic Name
001 - CONTROL NUMBER
- control field: 29438
003 - CONTROL NUMBER IDENTIFIER
- control field: ARRUPE
005 - DATE AND TIME OF LATEST TRANSACTION
- control field: 20170316115029.0
008 - FIXED-LENGTH DATA ELEMENTS
- fixed length control field: 170316|| aca||aabn | a|a d
040 ## - CATALOGING SOURCE
- Original cataloging agency: ARRUPE
- Transcribing agency: ARRUPE
151 ## - HEADING--GEOGRAPHIC NAME
- Geographic name: Czechoslovakia Republic
- General subdivision: History.
670 ## - SOURCE DATA FOUND
- Source citation: Work cat.: (ARRUPE)0: Lockhart, Robert Hamilton Bruce, 1887-1970. 29436, Retreat from glory,, 1934.